00573pab a2200169 454500008004000000100001700040245009600057260000900153300001100162362001100173650004300184700001600227773003300243909000900276999001500285952010300300180718b1984 xxu||||| |||| 00| 0 eng d aSteel, David aThe integration of public enterprise and exchequer financesbUnravelling the damaging myths c1984 a337-48 aAutumn aGovernment Enterprise - Finance - U.K. aDavid Heald aPublic Administration (U.K.) a9250 c9250d9250 00104070aIIPAbIIPAd2018-07-19hVolume no: 62, Issue no: 3pAR9264r2018-07-19w2018-07-19yAR